Cristianos ejemplares en Chile
Kaydedildi:
| Müşterek Yazar: | |
|---|---|
| Materyal Türü: | Kitap |
| Dil: | İspanyolca |
| Baskı/Yayın Bilgisi: |
Santiago
Conferencia Episcopal de Chile
2000
|
| Konular: | |
| Etiketler: |
Etiketle
Etiket eklenmemiş, İlk siz ekleyin!
|
MARC
| LEADER | 00000nam a2200000 a 4500 | ||
|---|---|---|---|
| 001 | UCK9206 | ||
| 003 | CL-VaPUC | ||
| 008 | 060421e20000000CL |||||||||||||||||spa|d | ||
| 020 | |a 9567520038 | ||
| 082 | 0 | 4 | |a 248.4 |b CON |2 21 |
| 110 | 2 | |a Conferencia Episcopal de Chile |e author |9 498943 | |
| 245 | 1 | 0 | |a Cristianos ejemplares en Chile |
| 300 | |a 315 p | ||
| 942 | |c BK | ||
| 945 | |d 20060421 00:00:00 |a jtorresc | ||
| 260 | |a Santiago |b Conferencia Episcopal de Chile |c 2000 | ||
| 650 | 0 | |a Cristianismo |9 257361 | |
| 650 | 0 | |a Vida cristiana |9 258753 | |
| 650 | 0 | |a Familia cristiana |9 311439 | |
| 650 | 0 | |a Fe |9 308036 | |
| 583 | |a last modification |c 20060421 00:00:00 |k Rodrigo Vera | ||
| 999 | |c 316480 |d 316478 | ||
| 952 | |0 0 |1 0 |4 0 |6 248_400000000000000_CON_2000 |7 0 |8 A |9 390878 |a BIBTEO |b BIBTEO |d 2019-11-22 |i 4151429 |o 248.4 CON 2000 |p 4151429 |r 2025-01-17 |w 2019-11-22 |y BK |k ICR | ||